| 000 | 00690nam a2200217Ia 4500 | ||
|---|---|---|---|
| 003 | GCL | ||
| 008 | 140319s9999 xx 000 0 ara d | ||
| 040 |
_aGCL / _cGCL |
||
| 082 | 0 | 4 |
_a398.2 _bهـ ف |
| 100 | 1 | _aهانى ابراهيم جابر | |
| 245 | 1 | 0 |
_aالفنون الشعبية بين الواقع والمستقبل / _cهانى ابراهيم جابر |
| 300 | _a340 ص | ||
| 490 |
_aالهيئة العامة للاستعلامات _v0 |
||
| 650 | 0 | 4 | _aالفولكلور |
| 650 | 0 | 4 | _aالادب الشعبى |
| 650 | 0 | 4 | _aالعرب |
| 650 | 0 | 4 | _aالفنانون |
| 650 | 0 | 4 | _aالفنون الشعبية |
| 650 | 0 | 4 | _aالفنانون العرب |
| 942 |
_2ddc _cBK |
||
| 999 |
_c51815 _d51815 |
||